01009nam a22002897a 45000010005000000030006000050050017000110080041000280200018000690400028000870500008001150820015001231000029001382450045001672600055002123000050002674900016003175050008003335200086003415210029004275210020004567000034004767000032005109420015005429990015005579520147005727130FISKH20250626085040.0250625b cb ||||| |||| 00| 0 eng d a9788772478180 aFISKHbengcFSKHdFISKH aPZ7 a398.209492 aAndersen, Hans Christian aThe teapot /cBy Hans Christian Andersen aCopenhagen :bScandivia Publishing House , c2005. a24 pages : bcolor illustrations ; c29 cm .  aFairy tales aJ  aA once proud teapot looks back on its life with memories of it true usefulness. 8 a500 bLexile estimate 8 aJ bRaz-Plus  aMazali, GustavoeIllustrator  aHersholt, JeaneTranslator  2ddccBKn0 c7130d7130 00102ddc40708JUVFa002b002cTTP Dark Blued2025-06-25l1oAND PZ7 398.209492pFISBK00485r2025-10-31 08:08:45s2025-10-17w2025-06-25yBK